000 00918nam a2200277 i 4500
001 bg
003 BPK
005 20200428101155.0
008 040526s1975 pl a f f |000 0 pol
015 _aPB 1975/8822
040 _aWA N
_cBPK
041 0 _apol
080 _a624.012.4
080 _a(075.8)
100 1 _aGrabiec, Kalikst
_d(1920-2002)
_eAutor
245 1 0 _aWymiarowanie przekrojów żelbetowych i betonowych :
_bprzykłady i obliczenia /
_cKalikst Grabiec.
250 _aWyd. 5 popr..
260 _aWarszawa ;
_aŁódź :
_bPańst. Wydaw. Naukowe. Oddział,
_c1970.
300 _a479 s. :
_bil., tab., wykr. ;
_c24 cm.
504 _aBibliogr.
655 4 _aPodręczniki akademickie
650 4 _aKonstrukcje betonowe
650 4 _aKonstrukcje żelbetowe
942 _2UKD
_cKS
856 _uhttp://koha.tu.koszalin.pl/cgi-bin/koha/opac-detail.pl?biblionumber=7080
_yKatalog online BPK
999 _c7080
_d7080